| 000 | 00578nam a2200193Ia 4500 | ||
|---|---|---|---|
| 005 | 20260114185536.0 | ||
| 008 | 008 260114s9999 xx 000 0 eng d | ||
| 020 | _a9781509907182 | ||
| 037 | _aEBOOK | ||
| 040 |
_aCRL _beng _cCRL |
||
| 041 |
_aeng _2eng |
||
| 084 | _qCRL | ||
| 100 |
_aRobert Schütze and Stephen Tierney _9871338 |
||
| 245 | 4 | _aThe United Kingdom and the Federal Idea | |
| 260 |
_bBloomsbury _c2018 |
||
| 856 | _uhttp://dx.doi.org/10.5040/9781509907182?locatt=label:secondary_bloomsburyCollections | ||
| 942 | _cEBOOK | ||
| 999 |
_c1470286 _d1470286 |
||